[Event "2nd Sharjah Masters International Chess Championship"]
[Site "Sharjah Culture & Chess Club"]
[Date "2018.04.16"]
[Round "6"]
[Board "17"]
[White "Rakhmanov, Aleksandr"]
[Black "Pranav, V"]
[Result "1-0"]
[WhiteElo "2652"]
[BlackElo "2316"]
[PlyCount "0"]
[EventDate "2018.04.12"]
[EventRounds "9"]
[EventCountry "UAE"]

1. Nf3 {[%clk 1:30:57]} Nf6 {[%clk 1:30:50]} 2. c4 {[%clk 1:31:18]} b6
{[%clk 1:30:56]} 3. g3 {[%clk 1:31:13]} Bb7 {[%clk 1:31:13]} 4. Bg2
{[%clk 1:31:37]} c5 {[%clk 8:11:21]} 5. O-O {[%clk 1:31:41]} g6 {[%clk 1:31:10]}
6. b3 {[%clk 1:31:56]} Bg7 {[%clk 1:31:04]} 7. Bb2 {[%clk 1:32:20]} O-O
{[%clk 1:30:38]} 8. Nc3 {[%clk 1:32:40]} d6 {[%clk 1:30:17]} 9. d4
{[%clk 1:31:21]} cxd4 {[%clk 1:28:33]} 10. Qxd4 {[%clk 1:31:30]} Ne4
{[%clk 1:19:30]} 11. Qe3 {[%clk 1:31:08]} Nxc3 {[%clk 1:18:39]} 12. Bxc3
{[%clk 1:31:31]} Bxc3 {[%clk 1:18:37]} 13. Qxc3 {[%clk 1:31:53]} Nd7
{[%clk 1:18:57]} 14. Rfd1 {[%clk 1:28:30]} Qc7 {[%clk 1:16:52]} 15. Qe3
{[%clk 1:25:17]} Nf6 {[%clk 4:44:15]} 16. Rd4 {[%clk 1:24:56]} Kg7
{[%clk 1:00:47]} 17. Rad1 {[%clk 1:15:22]} Rfe8 {[%clk 0:58:33]} 18. Nh4
{[%clk 0:55:42]} Bxg2 {[%clk 0:57:17]} 19. Nxg2 {[%clk 0:55:29]} Qc5
{[%clk 0:55:37]} 20. Qd3 {[%clk 0:50:14]} b5 {[%clk 0:42:28]} 21. Ne3
{[%clk 0:43:43]} bxc4 {[%clk 0:40:28]} 22. Rxc4 {[%clk 0:44:00]} Qa5
{[%clk 0:37:57]} 23. Qc2 {[%clk 0:43:16]} Qe5 {[%clk 0:30:51]} 24. h3
{[%clk 0:38:40]} Qe6 {[%clk 0:30:19]} 25. Kg2 {[%clk 0:36:03]} Rac8
{[%clk 0:29:33]} 26. Rc1 {[%clk 0:35:53]} Rxc4 {[%clk 0:29:23]} 27. Qxc4
{[%clk 0:36:16]} Qe5 {[%clk 0:29:23]} 28. Ng4 {[%clk 0:29:38]} Nxg4
{[%clk 0:28:05]} 29. hxg4 {[%clk 0:30:01]} d5 {[%clk 0:27:14]} 30. Qd3
{[%clk 0:25:17]} Rd8 {[%clk 0:20:14]} 31. Rc5 {[%clk 0:21:06]} f6 32. b4
{[%clk 0:19:14]} Kf7 {[%clk 0:15:14]} 33. a4 {[%clk 0:13:55]} a6 {[%clk 0:11:03]}
34. b5 {[%clk 0:08:44]} axb5 {[%clk 0:10:06]} 35. axb5 {[%clk 0:07:00]} Qe6
{[%clk 0:09:24]} 36. f3 {[%clk 0:06:19]} Rd6 {[%clk 0:08:26]} 37. Qc2
{[%clk 0:03:33]} Qe3 {[%clk 0:02:39]} 38. Rc6 {[%clk 0:03:19]} Rd7
{[%clk 0:02:37]} 39. Rc3 {[%clk 0:02:48]} Qd4 {[%clk 0:01:30]} 40. Rc8
{[%clk 0:02:36]} Qe3 {[%clk 0:01:05]} 41. Rc3 {[%clk 0:01:19]} Qd4
{[%clk 0:01:29]} 42. Rb3 {[%clk 0:00:54]} Rb7 {[%clk 0:04:45]} 43. Qb1
{[%clk 0:00:36]} Rb6 {[%clk 0:01:43]} 44. Qh1 {[%clk 0:00:39]} Kg7
{[%clk 0:01:52]} 45. Qc1 {[%clk 0:00:42]} Qc4 {[%clk 0:01:47]} 46. Qe3
{[%clk 0:00:55]} Rb7 {[%clk 0:01:34]} 47. b6 {[%clk 0:00:55]} Kf7
{[%clk 0:00:54]} 48. Rb1 {[%clk 0:00:44]} Qc2 {[%clk 0:00:50]} 49. Rc1
{[%clk 0:00:39]} Qb2 {[%clk 0:00:57]} 50. Rc6 {[%clk 0:00:40]} Qe5
{[%clk 0:00:44]} 51. Qd2 {[%clk 0:00:44]} Kg7 {[%clk 0:00:59]} 52. Kf2
{[%clk 0:00:43]} d4 {[%clk 0:01:01]} 53. Qd3 {[%clk 0:00:33]} Qd5
{[%clk 0:01:00]} 54. Qe4 {[%clk 0:00:38]} Qxe4 {[%clk 0:00:55]} 55. fxe4
{[%clk 0:01:04]} Kf7 {[%clk 0:01:24]} 56. g5 {[%clk 0:00:59]} Ke8
{[%clk 0:01:02]} 57. gxf6 {[%clk 0:01:16]} exf6 {[%clk 0:00:35]} 58. Rxf6
{[%clk 0:01:27]} Re7 {[%clk 0:00:36]} 59. Rd6 {[%clk 0:01:26]} Kf7
{[%clk 0:00:55]} 60. Kf3 {[%clk 0:00:55]} Re5 {[%clk 0:01:01]} 61. Rd5
{[%clk 0:01:10]} Re7 {[%clk 0:01:27]} 62. e5 {[%clk 0:01:09]} Ke6
{[%clk 0:01:42]} 63. Ke4 {[%clk 0:01:30]} Rb7 {[%clk 0:01:56]} 64. Rd6+
{[%clk 0:01:55]} Ke7 {[%clk 0:02:23]} 65. Kxd4 {[%clk 0:01:52]} Rb8
{[%clk 0:02:38]} 66. Kd5 {[%clk 0:01:56]} Rc8 {[%clk 0:02:52]} 67. b7
{[%clk 0:02:17]} Rb8 {[%clk 0:03:18]} 68. Kc6 {[%clk 0:02:40]} Rg8
{[%clk 0:03:15]} 69. Kc7 {[%clk 0:03:01]} Kf7 {[%clk 0:03:24]} 70. b8=Q
{[%clk 0:03:14]} Rxb8 {[%clk 0:03:50]} 71. Kxb8 {[%clk 0:03:37]} Ke7
{[%clk 0:04:19]} 72. Kc7 {[%clk 0:04:00]} Ke8 {[%clk 0:04:46]} 73. Re6+
{[%clk 0:04:24]} Kf7 {[%clk 0:05:13]} 74. Kd7 {[%clk 0:04:50]} Kg7
{[%clk 0:05:41]} 75. Rf6 {[%clk 0:05:12]} Kh6 {[%clk 0:06:07]} 76. e6
{[%clk 0:05:39]} Kg7 {[%clk 0:06:34]} 77. Rf1 {[%clk 0:06:03]} Kh8
{[%clk 0:07:00]} 78. e7 {[%clk 0:06:30]} Kg8 {[%clk 0:07:28]} 79. e4
{[%clk 0:06:55]}

[Event "2nd Sharjah Masters International Chess Championship"]
[Site "Sharjah Culture & Chess Club"]
[Date "2018.04.16"]
[Round "6"]
[Board "21"]
[White "Poormosavi, Seyed Kian"]
[Black "Erigaisi, Arjun"]
[Result "1/2-1/2"]
[WhiteElo "2218"]
[BlackElo "2481"]
[PlyCount "0"]
[EventDate "2018.04.12"]
[EventRounds "9"]
[EventCountry "UAE"]

1. e4 {[%clk 1:29:53]} e6 {[%clk 1:30:17]} 2. d4 {[%clk 1:30:19]} d5
{[%clk 1:30:39]} 3. Nd2 {[%clk 1:30:39]} Nf6 {[%clk 1:30:55]} 4. e5
{[%clk 1:27:11]} Nfd7 {[%clk 1:31:16]} 5. Bd3 {[%clk 1:27:30]} c5
{[%clk 1:31:38]} 6. c3 {[%clk 1:27:58]} Nc6 {[%clk 1:31:59]} 7. Ngf3
{[%clk 1:27:47]} g6 {[%clk 1:32:11]} 8. h4 {[%clk 1:27:04]} h6 {[%clk 1:32:09]}
9. a3 {[%clk 1:13:23]} a5 {[%clk 1:31:13]} 10. Nf1 {[%clk 1:12:48]} Rb8
{[%clk 1:17:28]} 11. Qc2 {[%clk 1:06:15]} Bg7 {[%clk 1:16:29]} 12. Ng3
{[%clk 0:45:21]} Qe7 {[%clk 1:11:11]} 13. Qe2 {[%clk 0:28:18]} Kd8
{[%clk 1:00:04]} 14. Bd2 {[%clk 0:21:21]} c4 {[%clk 0:57:09]} 15. Bc2
{[%clk 0:21:16]} b5 {[%clk 0:57:29]} 16. Nf1 {[%clk 0:20:14]} Kc7
{[%clk 0:53:54]} 17. Ne3 {[%clk 0:17:55]} Bb7 {[%clk 0:51:55]} 18. b4
{[%clk 0:16:37]} Ra8 {[%clk 0:41:37]} 19. O-O {[%clk 0:14:54]} Nb6
{[%clk 0:42:00]} 20. g3 {[%clk 0:13:55]} Nb8 {[%clk 0:41:21]} 21. g4
{[%clk 0:10:29]} N8d7 {[%clk 0:38:36]} 22. g5 {[%clk 0:10:14]} h5
{[%clk 0:39:01]} 23. Rfb1 {[%clk 0:09:51]} Ra7 {[%clk 0:38:43]} 24. Ng2
{[%clk 0:07:33]} Rha8 {[%clk 0:38:53]} 25. Qe1 {[%clk 0:07:44]} Bf8
{[%clk 0:38:28]} 26. Nf4 {[%clk 0:07:55]} Qe8 {[%clk 0:38:57]} 27. Nh2
{[%clk 0:06:57]} Be7 {[%clk 0:38:15]} 28. Nf1 {[%clk 0:05:59]} Nf8
{[%clk 0:38:32]} 29. Qc1 {[%clk 0:05:07]} Bc6 {[%clk 0:37:13]} 30. Qe1
{[%clk 0:01:24]} Ra6 {[%clk 0:37:29]} 31. Bc1 {[%clk 0:01:07]} axb4
{[%clk 0:37:28]} 32. cxb4 {[%clk 0:01:35]} R8a7 {[%clk 0:36:21]} 33. Bb2
{[%clk 0:01:19]} Qa8 {[%clk 0:36:45]} 34. Ne2 {[%clk 0:01:04]} Na4
{[%clk 0:25:02]} 35. Bxa4 {[%clk 0:01:00]} Rxa4 {[%clk 0:25:26]} 36. Qc1
{[%clk 0:00:43]} Rb7 {[%clk 0:25:32]} 37. Nc3 {[%clk 0:00:53]} Raa7
{[%clk 0:26:00]} 38. Ne3 {[%clk 0:00:49]} Nd7 {[%clk 0:25:42]} 39. Nc2
{[%clk 0:01:04]} Nb6 {[%clk 0:25:05]} 40. Qf4 {[%clk 0:01:08]} Qe8
{[%clk 0:24:54]} 41. Ne3 {[%clk 0:01:18]} Ra8 {[%clk 0:24:37]} 42. Bc1
{[%clk 0:01:02]} Kd8 {[%clk 0:24:04]} 43. Bb2 {[%clk 0:00:59]} Bf8
{[%clk 0:22:36]} 44. Re1 {[%clk 0:00:43]} Qe7 {[%clk 0:23:00]} 45. Nc2
{[%clk 0:00:52]} Ke8 {[%clk 0:23:25]} 46. Qf3 {[%clk 0:00:51]} Ra6
{[%clk 0:23:16]} 47. Qf4 {[%clk 0:01:04]} Qd8 {[%clk 0:23:09]} 48. Qf3
{[%clk 0:01:16]} Raa7 {[%clk 0:22:59]} 49. Kh2 {[%clk 0:01:19]} Nc8
{[%clk 0:23:21]} 50. Ne3 {[%clk 0:00:50]} Bg7 {[%clk 0:22:53]} 51. Nf1
{[%clk 0:00:53]} Qb6 {[%clk 0:22:02]} 52. Qf4 {[%clk 0:01:02]} Ne7
{[%clk 0:21:35]} 53. Ng3 {[%clk 0:01:19]} Rb8 {[%clk 0:21:41]} 54. Re3
{[%clk 0:01:04]} Ng8 {[%clk 0:22:04]} 55. Rf3 {[%clk 0:01:06]} Kd8
{[%clk 0:22:20]} 56. Rb1 {[%clk 0:01:16]} Rba8 {[%clk 0:22:29]} 57. Bc1
{[%clk 0:00:59]} Be8 {[%clk 0:22:53]} 58. Qd2 {[%clk 0:00:55]} Ne7
{[%clk 0:23:18]} 59. Bb2 {[%clk 0:01:00]} Nc6 {[%clk 0:23:41]} 60. Nd1
{[%clk 0:01:08]} Qb8 {[%clk 0:23:06]} 61. Re3 {[%clk 0:01:03]} Bf8
{[%clk 0:23:13]} 62. Ne2 {[%clk 0:01:03]} Kc8 {[%clk 0:23:31]} 63. Kh1
{[%clk 0:01:08]} Ra6 {[%clk 0:23:41]} 64. Rf3 {[%clk 0:00:55]} R8a7
{[%clk 0:23:57]} 65. Qc3 {[%clk 0:00:38]} Be7 {[%clk 0:24:21]} 66. Ne3
{[%clk 0:00:44]} Qa8 {[%clk 0:24:42]} 67. Nc2 {[%clk 0:01:09]} Bd8
{[%clk 0:25:07]} 68. Kg1 {[%clk 0:00:55]} Bb6 {[%clk 0:25:23]} 69. Rf4
{[%clk 0:01:02]} Kb8 {[%clk 0:25:35]} 70. Ng3 {[%clk 0:01:06]} Bd8
{[%clk 0:25:50]} 71. Rd1 {[%clk 0:01:11]} Ne7 {[%clk 0:26:16]} 72. Rf3
{[%clk 0:01:20]} Nc8 {[%clk 0:26:38]} 73. Ne2 {[%clk 0:01:15]} Nb6
{[%clk 0:27:03]} 74. Bc1 {[%clk 0:01:21]} Na4 {[%clk 0:27:20]} 75. Qa1
{[%clk 0:01:46]} Rd7 {[%clk 0:27:20]} 76. Nc3 {[%clk 0:01:55]} Rb6
{[%clk 0:27:46]} 77. Nxa4 {[%clk 0:02:05]} Qxa4 {[%clk 0:28:10]} 78. Qc3
{[%clk 0:02:22]} Rc7 {[%clk 0:28:32]} 79. R

[Event "2nd Sharjah Masters International Chess Championship"]
[Site "Sharjah Culture & Chess Club"]
[Date "2018.04.16"]
[Round "6"]
[Board "23"]
[White "Bharath, Subramaniyam H"]
[Black "Iniyan, P"]
[Result "1/2-1/2"]
[WhiteElo "1997"]
[BlackElo "2466"]
[PlyCount "0"]
[EventDate "2018.04.12"]
[EventRounds "9"]
[EventCountry "UAE"]

1. e4 {[%clk 1:30:52]} c5 {[%clk 1:30:22]} 2. Nc3 {[%clk 1:31:06]} a6
{[%clk 1:30:45]} 3. f4 {[%clk 1:30:54]} b5 {[%clk 1:31:01]} 4. Nf3
{[%clk 1:31:16]} Bb7 {[%clk 1:31:25]} 5. d4 {[%clk 1:31:16]} cxd4
{[%clk 1:31:41]} 6. Qxd4 {[%clk 1:31:39]} e6 {[%clk 1:30:04]} 7. Bd3
{[%clk 1:28:14]} Qc7 {[%clk 1:28:45]} 8. Be3 {[%clk 1:15:31]} Nc6
{[%clk 1:12:08]} 9. Qb6 {[%clk 1:15:52]} Qxb6 {[%clk 1:01:24]} 10. Bxb6
{[%clk 1:16:09]} Nb4 {[%clk 1:01:49]} 11. O-O {[%clk 1:15:20]} Nf6
{[%clk 0:59:55]} 12. a4 {[%clk 1:05:30]} bxa4 {[%clk 0:50:42]} 13. Rxa4
{[%clk 1:04:31]} d5 {[%clk 0:51:03]} 14. exd5 {[%clk 0:44:46]} Nxd3
{[%clk 0:44:04]} 15. cxd3 {[%clk 0:43:53]} Nxd5 {[%clk 0:44:23]} 16. Nxd5
{[%clk 0:43:16]} Bxd5 {[%clk 0:44:41]} 17. Rfa1 {[%clk 0:41:48]} Bb7
{[%clk 0:42:10]} 18. f5 {[%clk 0:37:20]} Rb8 {[%clk 0:32:52]} 19. Ba7
{[%clk 0:35:01]} Ra8 {[%clk 0:24:28]} 20. Bd4 {[%clk 0:29:43]} Rd8
{[%clk 0:12:47]} 21. fxe6 {[%clk 0:23:41]} fxe6 {[%clk 0:05:34]} 22. Re1
{[%clk 0:12:47]} Bxf3 {[%clk 0:05:41]} 23. gxf3 {[%clk 0:13:08]} Rxd4
{[%clk 0:04:40]} 24. Rxd4 {[%clk 0:13:30]} Bc5 {[%clk 0:05:05]} 25. Ree4
{[%clk 0:13:49]} Ke7 {[%clk 0:05:20]} 26. Kg2 {[%clk 0:14:10]} Bxd4
{[%clk 0:05:44]} 27. Rxd4 {[%clk 0:14:33]} Rb8 {[%clk 0:05:11]} 28. b4
{[%clk 0:14:56]} Rb6 {[%clk 0:04:43]} 29. Kf2 {[%clk 0:14:21]} Rb5
{[%clk 0:04:55]} 30. Rh4 {[%clk 0:13:08]} h6 {[%clk 0:04:57]} 31. Ke3
{[%clk 0:13:03]} Kf6 {[%clk 0:05:11]} 32. Rf4+ {[%clk 0:12:37]} Rf5
{[%clk 0:04:41]} 33. Rh4 {[%clk 0:11:53]} Ke7 {[%clk 0:04:28]} 34. Rg4
{[%clk 0:11:37]} Kf7 {[%clk 0:04:48]} 35. Rg2 {[%clk 0:10:39]} Rb5
{[%clk 0:04:00]} 36. Rg4 {[%clk 0:09:56]} a5 {[%clk 0:04:07]} 37. bxa5
{[%clk 0:10:09]} Rxa5 {[%clk 0:04:34]} 38. Rf4+ {[%clk 0:09:21]} Kg6
{[%clk 0:04:34]} 39. Rg4+ {[%clk 0:09:41]} Kf6 {[%clk 0:04:57]} 40. Rf4+
{[%clk 0:09:16]} Rf5 {[%clk 0:05:14]} 41. Rh4 {[%clk 0:08:44]} h5
{[%clk 0:05:11]} 42. Re4 {[%clk 0:07:38]} Ra5 {[%clk 0:05:33]} 43. Rf4+
{[%clk 0:07:41]} Kg6 {[%clk 0:05:31]} 44. Re4 {[%clk 0:08:05]} Kf6
{[%clk 0:05:53]} 45. Rf4+ {[%clk 0:08:29]} Ke7 {[%clk 0:06:19]} 46. Rh4
{[%clk 0:07:13]} g6 {[%clk 0:06:40]} 47. Kf2 {[%clk 0:06:41]} Ra2+
{[%clk 0:06:27]} 48. Kg3 {[%clk 0:06:57]} Rd2 {[%clk 0:06:46]} 49. Rd4
{[%clk 0:07:22]} Ra2 {[%clk 0:05:59]} 50. Rb4 {[%clk 0:06:27]} Ra3
{[%clk 0:06:24]} 51. Rd4 {[%clk 0:06:49]} Kf6 {[%clk 0:06:16]} 52. Rd8
{[%clk 0:06:35]} Ra5 {[%clk 0:06:02]} 53. Rf8+ {[%clk 0:06:08]} Ke7
{[%clk 0:06:21]} 54. Rg8 {[%clk 0:06:33]} Rg5+ {[%clk 0:05:32]} 55. Kf2
{[%clk 0:06:11]} Kf7 {[%clk 0:05:38]} 56. Rd8 {[%clk 0:04:41]} Ra5
{[%clk 0:05:44]} 57. Kg3 {[%clk 0:04:43]} Ra4 {[%clk 0:06:08]} 58. Rd7+
{[%clk 0:05:05]} Kf6 {[%clk 0:06:33]} 59. Rd8 {[%clk 0:05:13]} h4+
{[%clk 0:04:48]} 60. Kh3 {[%clk 0:05:27]} Kg5 {[%clk 0:05:11]} 61. Re8
{[%clk 0:04:18]} Rf4 {[%clk 0:05:07]} 62. Kg2 {[%clk 0:04:30]} Kf5
{[%clk 0:05:05]} 63. Rh8 {[%clk 0:04:01]} Rd4 {[%clk 0:05:09]} 64. Kf2
{[%clk 0:04:11]} g5 {[%clk 0:05:31]} 65. Rf8+ {[%clk 0:03:47]} Kg6
{[%clk 0:05:52]} 66. Ke3 {[%clk 0:04:11]} Ra4 {[%clk 0:06:15]} 67. h3
{[%clk 0:03:22]} Kg7 {[%clk 0:05:57]} 68. Rb8 {[%clk 0:03:13]} Ra2
{[%clk 0:04:42]} 69. f4 {[%clk 0:03:11]} Rh2 {[%clk 0:04:46]} 70. fxg5
{[%clk 0:02:56]} Rxh3+ {[%clk 0:05:10]} 71. Kf4 {[%clk 0:02:46]} Rxd3
{[%clk 0:05:32]} 72. Kg4 {[%clk 0:03:10]} h3 {[%clk 0:05:38]} 73. Rb2
{[%clk 0:03:35]} Kg6 {[%clk 0:05:33]} 74. Re2 {[%clk 0:03:35]} Rd6
{[%clk 0:05:51]} 75. Kxh3 {[%clk 0:03:14]} Kxg5 {[%clk 0:06:15]} 76. Kg3
{[%clk 0:03:33]} Kf5 {[%clk 0:06:35]} 77. Ra2 {[%clk 0:03:30]} Ke4
{[%clk 0:06:47]} 78. Kf2 {[%clk 0:03:39]} e5 {[%

[Event "2nd Sharjah Masters International Chess Championship"]
[Site "Sharjah Culture & Chess Club"]
[Date "2018.04.16"]
[Round "6"]
[Board "37"]
[White "Zhu, Yilun"]
[Black "Kakulidis, Ellen"]
[Result "1-0"]
[WhiteElo "2195"]
[BlackElo "1975"]
[PlyCount "0"]
[EventDate "2018.04.12"]
[EventRounds "9"]
[EventCountry "UAE"]

1. Nf3 {[%clk 1:30:55]} d5 {[%clk 1:30:36]} 2. c4 {[%clk 1:31:04]} e6
{[%clk 1:30:58]} 3. g3 {[%clk 1:31:18]} Nf6 {[%clk 1:31:22]} 4. Bg2
{[%clk 1:31:44]} Be7 {[%clk 1:31:35]} 5. O-O {[%clk 1:32:09]} O-O
{[%clk 1:32:01]} 6. b3 {[%clk 1:32:18]} c5 {[%clk 1:31:42]} 7. Bb2
{[%clk 1:32:14]} Nc6 {[%clk 1:30:48]} 8. e3 {[%clk 1:31:24]} d4 {[%clk 1:28:06]}
9. exd4 {[%clk 1:28:42]} cxd4 {[%clk 1:28:30]} 10. Re1 {[%clk 1:21:15]} Qd6
{[%clk 1:13:37]} 11. Na3 {[%clk 1:12:53]} e5 {[%clk 1:10:15]} 12. c5
{[%clk 1:04:30]} Qb8 {[%clk 1:05:48]} 13. Nc4 {[%clk 1:02:45]} Nd7
{[%clk 1:01:32]} 14. Nxd4 {[%clk 0:56:42]} exd4 {[%clk 0:50:56]} 15. Bxc6
{[%clk 0:56:31]} Bxc5 {[%clk 0:44:22]} 16. Bg2 {[%clk 0:52:01]} Nf6
{[%clk 0:39:55]} 17. Rc1 {[%clk 0:52:21]} a5 {[%clk 0:27:53]} 18. Re5
{[%clk 0:47:16]} b6 {[%clk 0:26:25]} 19. Bxa8 {[%clk 0:46:21]} Qxa8
{[%clk 0:26:49]} 20. Qf1 {[%clk 0:44:03]} Ng4 {[%clk 0:22:48]} 21. Rxc5
{[%clk 0:34:20]} bxc5 {[%clk 0:22:27]} 22. Nb6 {[%clk 0:34:41]} Qf3
{[%clk 0:19:44]} 23. Nxc8 {[%clk 0:35:01]} Rxc8 {[%clk 0:18:49]} 24. Bxd4
{[%clk 0:35:25]} Qd5 {[%clk 0:18:49]} 25. Qc4 {[%clk 0:31:58]} Qh5
{[%clk 0:18:15]} 26. h4 {[%clk 0:32:04]} Qf5 {[%clk 0:15:52]} 27. Be3
{[%clk 0:31:00]} Ne5 {[%clk 0:16:04]} 28. Qf4 {[%clk 0:31:20]} Nf3+
{[%clk 0:16:04]} 29. Kg2 {[%clk 0:31:38]} Qxf4 {[%clk 0:16:12]} 30. Bxf4
{[%clk 0:31:50]} Nd4 {[%clk 0:16:32]} 31. Be3 {[%clk 0:32:14]} Ne6
{[%clk 0:13:34]} 32. d4 {[%clk 0:32:33]} a4 {[%clk 0:13:00]} 33. dxc5
{[%clk 0:32:56]} axb3 {[%clk 0:13:10]} 34. axb3 {[%clk 0:33:21]} Rb8
{[%clk 0:13:22]} 35. Rc3 {[%clk 0:33:28]} h6 {[%clk 0:11:47]} 36. c6
{[%clk 0:33:55]} Kf8 {[%clk 0:10:55]} 37. b4 {[%clk 0:33:04]} Ke7
{[%clk 0:10:25]} 38. Ba7 {[%clk 0:32:58]} Rc8 {[%clk 0:09:29]} 39. b5
{[%clk 0:33:22]} Kd6 {[%clk 0:09:15]} 40. Rd3+ {[%clk 0:33:46]} Kd5 1-0

[Event "2nd Sharjah Masters International Chess Championship"]
[Site "Sharjah Culture & Chess Club"]
[Date "2018.04.17"]
[Round "7"]
[Board "11"]
[White "Vignesh, N R"]
[Black "Rakhmanov, Aleksandr"]
[Result "1/2-1/2"]
[WhiteElo "2475"]
[BlackElo "2652"]
[PlyCount "0"]
[EventDate "2018.04.12"]
[EventRounds "9"]
[EventCountry "UAE"]

1. e4 {[%clk 1:30:54]} e6 {[%clk 1:30:45]} 2. d4 {[%clk 1:31:08]} d5
{[%clk 1:31:09]} 3. Nd2 {[%clk 1:31:34]} dxe4 {[%clk 1:31:02]} 4. Nxe4
{[%clk 1:31:56]} Bd7 {[%clk 1:31:29]} 5. Nf3 {[%clk 1:31:15]} Bc6
{[%clk 1:31:53]} 6. Bd3 {[%clk 1:31:10]} Nd7 {[%clk 1:32:16]} 7. O-O
{[%clk 1:28:03]} Ngf6 {[%clk 1:32:17]} 8. Ng3 {[%clk 1:28:08]} g6
{[%clk 1:31:53]} 9. Re1 {[%clk 1:24:28]} Bg7 {[%clk 1:30:26]} 10. c3
{[%clk 1:23:10]} O-O {[%clk 1:29:36]} 11. Bf4 {[%clk 1:22:35]} b6
{[%clk 1:16:46]} 12. Qe2 {[%clk 1:20:57]} a5 {[%clk 1:14:20]} 13. Rad1
{[%clk 1:19:56]} a4 {[%clk 1:14:04]} 14. a3 {[%clk 1:12:31]} Ra5 {[%clk 1:06:13]}
15. c4 {[%clk 1:02:31]} Qc8 {[%clk 1:02:11]} 16. Bd2 {[%clk 0:59:43]} Ra8
{[%clk 0:59:35]} 17. Ne5 {[%clk 0:59:49]} Bb7 {[%clk 0:45:40]} 18. Ne4
{[%clk 0:41:02]} Nxe4 {[%clk 0:37:07]} 19. Bxe4 {[%clk 0:40:55]} c5
{[%clk 0:32:15]} 20. Nxd7 {[%clk 0:36:22]} Qxd7 {[%clk 0:32:22]} 21. dxc5
{[%clk 0:28:34]} Bxe4 {[%clk 0:32:19]} 22. Qxe4 {[%clk 0:28:57]} bxc5
{[%clk 0:32:17]} 23. Bc3 {[%clk 0:29:16]} Qc7 {[%clk 0:30:36]} 24. Bxg7
{[%clk 0:28:34]} Kxg7 {[%clk 0:31:04]} 25. Rd2 {[%clk 0:21:13]} Rad8
{[%clk 0:18:02]} 26. Red1 {[%clk 0:21:17]} Rxd2 {[%clk 0:17:04]} 27. Rxd2
{[%clk 0:21:46]} Rb8 {[%clk 0:15:11]} 28. g3 {[%clk 0:20:52]} h5 {[%clk 0:15:15]}
29. h4 {[%clk 0:20:31]} Rb3 {[%clk 0:13:34]} 30. Kg2 {[%clk 0:18:58]} Qb7
{[%clk 0:07:29]} 31. Qxb7 {[%clk 0:17:36]} Rxb7 {[%clk 0:07:58]} 32. Rd8
{[%clk 0:11:54]} Rxb2 {[%clk 0:07:01]} 33. Rc8 {[%clk 0:11:57]} Rb3
{[%clk 0:06:57]} 34. Rxc5 {[%clk 0:12:23]} Rxa3 {[%clk 0:07:22]} 35. Rc7
{[%clk 0:12:11]} Kf8 {[%clk 0:04:28]} 36. c5 {[%clk 0:12:22]} Ke8
{[%clk 0:03:56]} 37. c6 {[%clk 0:12:47]} f5 {[%clk 0:02:34]} 38. Rg7
{[%clk 0:12:40]} Kd8 {[%clk 0:02:48]} 39. Rxg6 {[%clk 0:11:57]} Ke7
{[%clk 0:01:14]} 40. Rh6 {[%clk 0:11:35]} Rc3 {[%clk 0:00:38]} 41. Rxh5
{[%clk 0:11:58]} Rxc6 {[%clk 0:00:33]} 42. Rh7+ {[%clk 0:12:23]} Kf6
{[%clk 0:00:47]} 43. Ra7 {[%clk 0:12:49]} Rc4 {[%clk 0:01:11]} 44. Ra6
{[%clk 0:12:28]} Re4 {[%clk 0:01:10]} 45. Kf3 {[%clk 0:12:12]} Rb4
{[%clk 0:01:23]} 46. Ke4 Ke5+ 1/2-1/2

[Event "2nd Sharjah Masters International Chess Championship"]
[Site "Sharjah Culture & Chess Club"]
[Date "2018.04.17"]
[Round "7"]
[Board "31"]
[White "Pranav, V"]
[Black "Nikhil, Magizhnan"]
[Result "1-0"]
[WhiteElo "2316"]
[BlackElo "2105"]
[PlyCount "0"]
[EventDate "2018.04.12"]
[EventRounds "9"]
[EventCountry "UAE"]

1. d4 Nf6 2. Bf4 d5 3. Nc3 c6 4. e3 g6 5. h4 Bg7 6. h5 Nxh5 7. Rxh5 gxh5 8. Qxh5
Nd7 9. Qh2 Nf8 10. Bc7 Qd7 11. Nf3 Qe6 12. Bb8 Bd7 13. Be5 f6 14. Bg3 Qf7 15. Be2
Ng6 16. O-O-O Bf5 17. Bb8 Qe6 18. Nd2 Qd7 19. Bg3 h5 20. Qg1 h4 21. Bh2 Bh6 22.
Kb1 Be6 23. f3 Bf7 24. Nb3 e6 25. Nc5 Qc8 26. Qf2 Bf8 27. e4 Bxc5 28. dxc5 d4 29.
Qxd4 e5 30. Qe3 Qc7 31. Rd6 Qe7 32. Bf1 Rd8 33. Qd2 Rxd6 34. cxd6 Qd7 35. Nd1 Ne7
36. f4 Nc8 37. fxe5 Qe6 38. Qd4 fxe5 39. d7+ Kd8 40. Bxe5 Qxa2+ 41. Kc1 Bh5 42.
Ne3 Rf8 43. Bf6+ Ne7 44. Bxe7+ Kxe7 45. Qc5+ Kxd7 46. Qxf8 Bf7 47. Be2 Be6 48.
Nf5 Qa1+ 49. Kd2 Bxf5 50. Qxf5+ Kc7 51. Qe5+ Kb6 52. Qd4+ Kc7 53. e5 Qh1 54. Qd6+
Kb6 55. Qd8+ Kc5 56. c3 Qg1 57. b4# Kd5 1-0